Определение колебаний коленчатого вала
| Autor principal: | |
|---|---|
| Autor Corporativo: | |
| Resumo: | Конспект части отдела об упругих колебаниях коленчатых валов курса "Легкие двигатели" для студентов СТИ специальности "Легкие двигатели" Стеклограф. изд. На правах рукописи |
| Idioma: | russo |
| Publicado em: |
Томск, Издание СТИ, 1930
|
| Assuntos: | |
| Formato: | Livro |
| KOHA link: | https://koha.lib.tpu.ru/cgi-bin/koha/opac-detail.pl?biblionumber=236428 |
MARC
| LEADER | 00000nam0a2200000 4500 | ||
|---|---|---|---|
| 001 | 236428 | ||
| 005 | 20231101231454.0 | ||
| 010 | |b 200 экз. | ||
| 035 | |a (RuTPU)RU\TPU\book\257591 | ||
| 035 | |a RU\TPU\book\201776 | ||
| 090 | |a 236428 | ||
| 100 | |a 20130424d1930 m y0rusy50 ca | ||
| 101 | 0 | |a rus | |
| 102 | |a RU | ||
| 105 | |a a j 000zy | ||
| 200 | 1 | |a Определение колебаний коленчатого вала |f А. В. Квасников |g Сибирский технологический институт (СТИ) им. Ф. Э. Дзержинского | |
| 210 | |a Томск |c Издание СТИ |d 1930 | ||
| 215 | |a 29 с. |c черт. | ||
| 300 | |a Конспект части отдела об упругих колебаниях коленчатых валов курса "Легкие двигатели" для студентов СТИ специальности "Легкие двигатели" | ||
| 300 | |a Стеклограф. изд. | ||
| 300 | |a На правах рукописи | ||
| 606 | 1 | |a Коленчатые валы |x Конструкция и расчет |2 stltpush |3 (RuTPU)RU\TPU\subj\14701 |9 41056 | |
| 610 | 1 | |a детали машин | |
| 610 | 1 | |a труды учёных ТПУ | |
| 610 | 1 | |a коллекция ТПУ | |
| 675 | |a 621.824.3 |v 3 | ||
| 700 | 1 | |a Квасников |b А. В. |c советский инженер-механик |c ведущий специалист в области космических и авиационных двигателей |c профессор ТПИ |f 1892-1971 |g Александр Васильевич |2 stltpush |3 (RuTPU)RU\TPU\pers\21867 |9 9204 | |
| 712 | 0 | 2 | |a Сибирский технологический институт (СТИ) |c (Томск) |c (1923-1930) |2 stltpush |3 (RuTPU)RU\TPU\col\5002 |
| 801 | 1 | |a RU |b 63413507 |c 20101020 | |
| 801 | 2 | |a RU |b 63413507 |c 20201214 |g RCR | |
| 942 | |c BK | ||